[Event "Madrid-chT 1819"]
[Site "Madrid"]
[Date "2019.02.02"]
[Round "8.2"]
[White "Rubio Mejia, Luis Ignacio"]
[Black "Quevedo Marin, Manuel"]
[Result "1-0"]
[WhiteElo "2440"]
[BlackElo "2188"]
[PlyCount "85"]
[EventDate "2018.11.17"]
[EventType "team-tourn"]
[EventRounds "14"]
[EventCountry "ESP"]
[SourceTitle "CBM 189 Extra"]
[Source "ChessBase"]
[SourceDate "2019.06.03"]
[SourceVersion "1"]
[SourceVersionDate "2019.06.03"]
[SourceQuality "1"]
[WhiteTeam "Virgen de Atocha"]
[BlackTeam "San Sebastian de los Reyes"]
[WhiteTeamCountry "ESP"]
[BlackTeamCountry "ESP"]

1. d4 Nf6 2. c4 g6 3. Nc3 d5 4. cxd5 Nxd5 5. Bd2 Bg7 6. e4 Nxc3 7. Bxc3 0-0 8. Qd2 Nc6 9. Nf3 Bg4 10. d5 Bxf3 11. Bxg7 Kxg7 12. gxf3 Ne5 13. 0-0-0 f6 14. f4 Nf7 15. Bh3 Qd6 16. Kb1 c6 17. Rhe1 Rad8 18. Be6 cxd5 19. exd5 Nh6 20. h4 f5 21. h5 Rf6 22. hxg6 hxg6 23. f3 Nf7 24. Qd4 Qb6 25. Qc3 Nd6 26. Rc1 Nb5 27. Qe5 Qd4 28. Re3 a6 29. Rb3 Qa4 30. Bc8 Nd6 31. Qxe7+ Nf7 32. Be6 Re8 33. Qc7 b5 34. Rd3 Kf8 35. a3 Re7 36. Qc6 Qxf4 37. Qxa6 Ne5 38. Rdc3 Nxf3 39. Qxb5 Kg7 40. Qc5 Rb7 41. Qc8 Nd2+ 42. Ka2 Qb8 43. Rc7+ 1-0

[Event "San Sebastian de los Reyes op 20th"]
[Site "San Sebastian"]
[Date "2018.12.07"]
[Round "7"]
[White "Gomez Logrosan, Cristian"]
[Black "Quevedo Marin, Manuel"]
[Result "0-1"]
[WhiteElo "1790"]
[BlackElo "2199"]
[PlyCount "72"]
[EventDate "2018.12.01"]
[EventType "swiss"]
[EventRounds "9"]
[EventCountry "ESP"]
[SourceTitle "CBM 187 Extra"]
[Source "ChessBase"]
[SourceDate "2018.11.04"]
[SourceVersion "1"]
[SourceVersionDate "2018.11.04"]
[SourceQuality "1"]

1. d4 Nf6 2. Nc3 d5 3. Bg5 c5 4. e3 Nc6 5. Nf3 Bg4 6. Bxf6 gxf6 7. Be2 e6 8. Qd2 Rc8 9. a3 f5 10. h3 Bxf3 11. gxf3 cxd4 12. exd4 Qh4 13. Bb5 Bh6 14. Qd3 0-0 15. Bxc6 Rxc6 16. Nd1 Kh8 17. c3 a6 18. Ne3 Rg8 19. Qe2 Rcc8 20. Kd1 b5 21. Kc2 Qxd4 22. Rhg1 Qf4 23. Rxg8+ Rxg8 24. Nf1 Qa4+ 25. b3 Qh4 26. Ng3 Rc8 27. Rd1 Bg7 28. Rd3 b4 29. axb4 Qxb4 30. Qd2 Qa3 31. Ne2 Qa2+ 32. Kd1 Qxb3+ 33. Ke1 Qc4 34. Nd4 a5 35. Qe2 a4 36. Rd2 Qxc3 0-1

[Event "San Sebastian de los Reyes op 20th"]
[Site "San Sebastian"]
[Date "2018.12.06"]
[Round "6"]
[White "Quevedo Marin, Manuel"]
[Black "Pastor Alonso de Prado, Emilio Alberto"]
[Result "0-1"]
[WhiteElo "2199"]
[BlackElo "2102"]
[PlyCount "96"]
[EventDate "2018.12.01"]
[EventType "swiss"]
[EventRounds "9"]
[EventCountry "ESP"]
[SourceTitle "CBM 187 Extra"]
[Source "ChessBase"]
[SourceDate "2018.11.04"]
[SourceVersion "1"]
[SourceVersionDate "2018.11.04"]
[SourceQuality "1"]

1. e4 d6 2. d4 Nf6 3. Nc3 c6 4. h3 Qa5 5. Bd3 e5 6. Nf3 Nbd7 7. Be3 d5 8. 0-0 Bb4 9. dxe5 Bxc3 10. exf6 Bxf6 11. Bd2 Qc7 12. exd5 0-0 13. dxc6 Qxc6 14. c3 Nc5 15. Bc2 Rd8 16. Qe2 Re8 17. Be3 b6 18. Rfd1 Ba6 19. Qe1 Bb7 20. a4 a5 21. Kh1 h6 22. Qg1 Qe6 23. Qh2 Bxf3 24. gxf3 Be5 25. Qg2 Qf6 26. Qg4 Rad8 27. Qf5 Qxf5 28. Bxf5 Rxd1+ 29. Rxd1 Nxa4 30. Rd2 Nc5 31. Bxc5 bxc5 32. Rd5 g6 33. Bd3 Bf4 34. Rxc5 Rb8 35. Bb5 Bc1 36. b3 Bb2 37. Ba4 Rd8 38. c4 Bc3 39. Bc6 Rc8 40. f4 Bb4 41. Rb5 Rxc6 42. f5 g5 43. Kg2 Rc5 44. Kf3 Rxb5 45. cxb5 Bc5 46. Kg3 Kg7 47. f3 Kf6 48. Kg4 Ke5 0-1

[Event "San Sebastian de los Reyes op 20th"]
[Site "San Sebastian"]
[Date "2018.12.05"]
[Round "5"]
[White "Lin, Ying Rui"]
[Black "Quevedo Marin, Manuel"]
[Result "0-1"]
[WhiteElo "1463"]
[BlackElo "2199"]
[PlyCount "122"]
[EventDate "2018.12.01"]
[EventType "swiss"]
[EventRounds "9"]
[EventCountry "ESP"]
[SourceTitle "CBM 187 Extra"]
[Source "ChessBase"]
[SourceDate "2018.11.04"]
[SourceVersion "1"]
[SourceVersionDate "2018.11.04"]
[SourceQuality "1"]

1. d4 Nf6 2. Nf3 e6 3. Bf4 d5 4. e3 c5 5. Nbd2 Nc6 6. c3 Bd6 7. Bg3 0-0 8. Bd3 b6 9. 0-0 Bxg3 10. hxg3 Bb7 11. Re1 h6 12. Rc1 Qe7 13. Bb5 Rfd8 14. Bxc6 Bxc6 15. Ne5 Be8 16. g4 Rac8 17. Qe2 Nd7 18. Nxd7 Rxd7 19. Nf3 Rdc7 20. Rcd1 a5 21. e4 dxe4 22. Qxe4 cxd4 23. Nxd4 Qg5 24. Re3 b5 25. Rh3 b4 26. Rh5 Qe7 27. Rxa5 bxc3 28. bxc3 Rxc3 29. Ra8 Qd8 30. Rxc8 Rxc8 31. Qf3 Qa5 32. Qe2 Rd8 33. Rd3 Qd5 34. Rd2 Qa8 35. Nb3 Bc6 36. Rxd8+ Qxd8 37. f3 Bd5 38. Qe3 Qa8 39. Qd2 Qa6 40. Nc1 Qb6+ 41. Kh1 Qa6 42. Kg1 f6 43. Qb2 Qa7+ 44. Kh2 e5 45. a3 e4 46. Qd2 Ba8 47. fxe4 Bxe4 48. Qc3 Qa8 49. Qb2 Kh7 50. Nb3 Qb8+ 51. Kh1 Qg3 52. Nc5 Bg6 53. Nd7 Be4 54. Qe2 f5 55. Qa2 Qxg4 56. Nf8+ Kh8 57. Kg1 f4 58. Ne6 f3 59. Nc5 Bc6 60. Qd2 fxg2 61. a4 Qh4 0-1

[Event "San Sebastian de los Reyes op 20th"]
[Site "San Sebastian"]
[Date "2018.12.03"]
[Round "3"]
[White "Montiel Miguelez, Manuel"]
[Black "Quevedo Marin, Manuel"]
[Result "0-1"]
[WhiteElo "1814"]
[BlackElo "2199"]
[PlyCount "88"]
[EventDate "2018.12.01"]
[EventType "swiss"]
[EventRounds "9"]
[EventCountry "ESP"]
[SourceTitle "CBM 187 Extra"]
[Source "ChessBase"]
[SourceDate "2018.11.04"]
[SourceVersion "1"]
[SourceVersionDate "2018.11.04"]
[SourceQuality "1"]

1. e4 e5 2. Nf3 Nc6 3. Bb5 a6 4. Ba4 Nf6 5. 0-0 b5 6. Bb3 Bb7 7. c3 Be7 8. Re1 0-0 9. d4 d6 10. Nbd2 Re8 11. Nf1 Bf8 12. Ng3 g6 13. Bg5 Bg7 14. Qd2 Na5 15. Bc2 Nc4 16. Qc1 c5 17. d5 Nb6 18. h4 h5 19. Bh6 Ng4 20. Bxg7 Kxg7 21. Ng5 Bc8 22. Qd2 Nc4 23. Qc1 f6 24. Nf3 Nb6 25. Qd1 c4 26. Qe2 Bd7 27. Rad1 Qc7 28. Rc1 Rab8 29. Nf1 Qc5 30. N3h2 Rf8 31. Nxg4 Bxg4 32. Qe3 Qxe3 33. Nxe3 Bd7 34. Rf1 Rbe8 35. f4 exf4 36. Rxf4 f5 37. Rcf1 fxe4 38. Bxe4 Rxf4 39. Rxf4 Na4 40. g4 Nc5 41. gxh5 Rxe4 42. Rf3 gxh5 43. Nf5+ Bxf5 44. Rxf5 Re5 0-1

[Event "Madrid-chT 1819"]
[Site "Madrid"]
[Date "2018.12.01"]
[Round "3.3"]
[White "Quevedo Marin, Manuel"]
[Black "De la Orden Alcocer, Alejandro"]
[Result "1-0"]
[WhiteElo "2188"]
[BlackElo "1962"]
[PlyCount "85"]
[EventDate "2018.11.17"]
[EventType "team-tourn"]
[EventRounds "14"]
[EventCountry "ESP"]
[SourceTitle "CBM 189 Extra"]
[Source "ChessBase"]
[SourceDate "2019.06.03"]
[SourceVersion "1"]
[SourceVersionDate "2019.06.03"]
[SourceQuality "1"]
[WhiteTeam "San Sebastian de los Reyes"]
[BlackTeam "San Fernando de Henares"]
[WhiteTeamCountry "ESP"]
[BlackTeamCountry "ESP"]

1. e4 g6 2. d4 c6 3. Nc3 d5 4. Nf3 Bg7 5. h3 dxe4 6. Nxe4 Nf6 7. Bd3 0-0 8. 0-0 Nxe4 9. Bxe4 Be6 10. Re1 Bd5 11. Qe2 Bxe4 12. Qxe4 e6 13. Bg5 Qd5 14. Qh4 Nd7 15. Bh6 Rfe8 16. Bxg7 Kxg7 17. Ne5 Nxe5 18. dxe5 Qd8 19. Qf4 Qe7 20. Rad1 Red8 21. Rd6 Rxd6 22. exd6 Qd7 23. Qe5+ Kg8 24. c4 Rb8 25. c5 b6 26. b4 bxc5 27. bxc5 Rb5 28. a4 Rb4 29. Qf6 Rb8 30. Rd1 Rb7 31. Rd4 Rb8 32. Kh2 a5 33. Qe7 Rb7 34. Qxd7 Rxd7 35. Rd2 e5 36. Rb2 f5 37. Rb6 Kf7 38. Rxc6 e4 39. Ra6 f4 40. c6 Rxd6 41. c7 Rxa6 42. c8Q Re6 43. Qc7+ 1-0

[Event "Madrid-chT 1819"]
[Site "Madrid"]
[Date "2018.11.25"]
[Round "2.3"]
[White "Fernandez Garcia, Miguel Angel"]
[Black "Quevedo Marin, Manuel"]
[Result "1-0"]
[WhiteElo "2298"]
[BlackElo "2188"]
[PlyCount "161"]
[EventDate "2018.11.17"]
[EventType "team-tourn"]
[EventRounds "14"]
[EventCountry "ESP"]
[SourceTitle "CBM 189 Extra"]
[Source "ChessBase"]
[SourceDate "2019.06.03"]
[SourceVersion "1"]
[SourceVersionDate "2019.06.03"]
[SourceQuality "1"]
[WhiteTeam "Liberty Chess"]
[BlackTeam "San Sebastian de los Reyes"]
[WhiteTeamCountry "ESP"]
[BlackTeamCountry "ESP"]

1. d4 Nf6 2. Nf3 g6 3. g3 Bg7 4. Bg2 d5 5. 0-0 0-0 6. b3 c6 7. Bb2 Ne4 8. c4 Bf5 9. Nbd2 Nxd2 10. Qxd2 Be4 11. Rfd1 e6 12. Rac1 Nd7 13. Ba3 Re8 14. Bf1 Bxf3 15. exf3 Nb6 16. f4 Nc8 17. c5 Ne7 18. Bb2 Qd7 19. b4 b5 20. cxb6 axb6 21. Ra1 b5 22. Qc2 Ra4 23. a3 Rea8 24. Bd3 R4a7 25. Rdc1 Ra6 26. Qd1 Nc8 27. Qf3 Nd6 28. Rd1 Nc4 29. Bxc4 dxc4 30. Rd2 Qd5 31. Qxd5 cxd5 32. Rdd1 Bf8 33. Kg2 c3 34. Bxc3 Rxa3 35. Rxa3 Rxa3 36. Rc1 Rb3 37. h4 h5 38. Bd2 Bxb4 39. Bxb4 Rxb4 40. Rc8+ Kg7 41. Rb8 Kf6 42. Rb7 Rb1 43. f3 b4 44. Kf2 b3 45. g4 b2 46. g5+ Kg7 47. Kg2 Kf8 48. Rb8+ Ke7 49. Rb7+ Kd6 50. Rb6+ Kc7 51. Rb3 Kc6 52. Rb4 Rd1 53. Rxb2 Rxd4 54. Kg3 Rd1 55. Ra2 d4 56. Ra7 Rg1+ 57. Kf2 Rh1 58. Rxf7 Rh2+ 59. Ke1 Kd5 60. Rd7+ Kc4 61. Rd6 Rxh4 62. Rxe6 Rxf4 63. Rf6 Rh4 64. Rxg6 Rh1+ 65. Kf2 d3 66. Rd6 Ra1 67. g6 Ra7 68. Ke3 h4 69. Rd4+ Kc5 70. Rxh4 Rd7 71. Rh7 Rd6 72. g7 d2 73. Rh5+ Kb4 74. Rh1 Rg6 75. Kxd2 Rxg7 76. Rc1 Re7 77. Kd3 Re8 78. f4 Re7 79. Kd4 Re2 80. Rb1+ Ka5 81. f5 1-0

[Event "Tres Cantos op 10th"]
[Site "Tres Cantos"]
[Date "2018.06.27"]
[Round "7.11"]
[White "Bartolome Martin, Angel"]
[Black "Quevedo Marin, Manuel"]
[Result "0-1"]
[WhiteElo "1832"]
[BlackElo "2194"]
[PlyCount "65"]
[EventDate "2018.06.21"]
[EventType "swiss"]
[EventRounds "9"]
[EventCountry "ESP"]
[SourceTitle "EXT 2024"]
[Source "ChessBase"]
[SourceDate "2023.10.10"]
[SourceVersion "1"]
[SourceVersionDate "2023.10.10"]
[SourceQuality "1"]

1. d4 Nf6 2. Bg5 Ne4 3. Bf4 d5 4. f3 Nf6 5. Nc3 e6 6. Qd3 Bb4 7. a3 Be7 8. 0-0-0 a6 9. e4 b5 10. Nge2 Bb7 11. exd5 Bxd5 12. Nxd5 Nxd5 13. Bd2 0-0 14. Nc3 c6 15. Ne4 Nd7 16. h4 c5 17. dxc5 Bxc5 18. Ng5 N7f6 19. Ne4 Qb6 20. Nxc5 Qxc5 21. Qb3 Rfb8 22. Bb4 Qc7 23. Bd2 a5 24. a4 bxa4 25. Qxa4 Qb6 26. b3 Nb4 27. Bc4 Nfd5 28. Rhe1 Qc7 29. Re4 Rc8 30. Be1 Rab8 31. Rg4 Qe5 32. Re4 Qf6 33. Red4 0-1

[Event "Tres Cantos op 10th"]
[Site "Tres Cantos"]
[Date "2018.06.21"]
[Round "1.14"]
[White "Cujba, Anca Claudia"]
[Black "Quevedo Marin, Manuel"]
[Result "0-1"]
[WhiteElo "1629"]
[BlackElo "2194"]
[PlyCount "66"]
[EventDate "2018.06.21"]
[EventType "swiss"]
[EventRounds "9"]
[EventCountry "ESP"]
[SourceTitle "EXT 2024"]
[Source "ChessBase"]
[SourceDate "2023.10.10"]
[SourceVersion "1"]
[SourceVersionDate "2023.10.10"]
[SourceQuality "1"]

1. e4 e5 2. Nf3 Nc6 3. Nc3 Nf6 4. g3 g6 5. Bg2 Bg7 6. 0-0 d6 7. h3 0-0 8. d3 Be6 9. Ng5 Bd7 10. f4 Nh5 11. Kh2 h6 12. Nf3 exf4 13. gxf4 f5 14. Nd5 Ne7 15. Nh4 Kh7 16. exf5 Nxf5 17. Nxg6 Kxg6 18. Qg4+ Kh7 19. Qxh5 c6 20. Ne3 d5 21. Nxf5 Bxf5 22. Bd2 Qb6 23. Bc3 d4 24. Bd2 Qxb2 25. Rab1 Qxc2 26. Bb4 Rf6 27. Be7 Rg6 28. Qf3 Rb8 29. Rbe1 Re8 30. Rf2 Qa4 31. Rb2 Qa6 32. Qh5 Qxd3 33. Rxb7 Qg3+ 0-1

[Event "San Sebastian de los Reyes op 19th"]
[Site "San Sebastian"]
[Date "2017.12.10"]
[Round "9"]
[White "Hernandez Ramos, David"]
[Black "Quevedo Marin, Manuel"]
[Result "1/2-1/2"]
[WhiteElo "2054"]
[BlackElo "2241"]
[PlyCount "30"]
[EventDate "2017.12.02"]
[EventType "swiss"]
[EventRounds "9"]
[EventCountry "ESP"]
[SourceTitle "CBM 182 Extra"]
[Source "ChessBase"]
[SourceDate "2018.02.23"]
[SourceVersion "1"]
[SourceVersionDate "2018.02.23"]
[SourceQuality "1"]

1. d4 d5 2. c4 dxc4 3. Nc3 a6 4. a4 Nf6 5. Nf3 Nc6 6. e4 Na5 7. Be3 Bg4 8. h3 Bh5 9. g4 Bg6 10. Nd2 e6 11. f4 h6 12. f5 exf5 13. exf5 Bh7 14. Qf3 Bb4 15. Nxc4 Qd5 1/2-1/2